Controversial science : (Record no. 122921)
[ view plain ]
| 000 -LEADER | |
|---|---|
| fixed length control field | 01230pam a2200313 a 4500 |
| 001 - CONTROL NUMBER | |
| control field | 4395918 |
| 005 - DATE AND TIME OF LATEST TRANSACTION | |
| control field | 20150715141457.0 |
| 008 - FIXED-LENGTH DATA ELEMENTS--GENERAL INFORMATION | |
| fixed length control field | 920603s1993 nyua b s001 0 eng |
| 010 ## - LIBRARY OF CONGRESS CONTROL NUMBER | |
| LC control number | 92022543 |
| 020 ## - INTERNATIONAL STANDARD BOOK NUMBER | |
| International Standard Book Number | 0791414736 (alk. paper) |
| 020 ## - INTERNATIONAL STANDARD BOOK NUMBER | |
| International Standard Book Number | 0791414744 (pbk. : alk. paper) |
| 040 ## - CATALOGING SOURCE | |
| Original cataloging agency | DLC |
| Transcribing agency | DLC |
| Modifying agency | DLC |
| 050 00 - LIBRARY OF CONGRESS CALL NUMBER | |
| Classification number | Q175.5 |
| Item number | .C66 1993 |
| 082 00 - DEWEY DECIMAL CLASSIFICATION NUMBER | |
| Classification number | 303.48/3 |
| Edition number | 20 |
| 245 00 - TITLE STATEMENT | |
| Title | Controversial science : |
| Remainder of title | from content to contention / |
| Statement of responsibility, etc | edited by Thomas Brante, Steve Fuller, William Lynch. |
| 260 ## - PUBLICATION, DISTRIBUTION, ETC. (IMPRINT) | |
| Place of publication, distribution, etc | Albany : |
| Name of publisher, distributor, etc | State University of New York Press, |
| Date of publication, distribution, etc | c1993. |
| 300 ## - PHYSICAL DESCRIPTION | |
| Extent | xix, 326 p. : |
| Other physical details | ill. ; |
| Dimensions | 24 cm. |
| 440 #0 - SERIES STATEMENT/ADDED ENTRY--TITLE | |
| Title | SUNY series in science, technology, and society |
| 9 (RLIN) | 18122 |
| 504 ## - BIBLIOGRAPHY, ETC. NOTE | |
| Bibliography, etc | Includes bibliographical references and index. |
| 650 #0 - SUBJECT ADDED ENTRY--TOPICAL TERM | |
| Topical term or geographic name as entry element | Science |
| General subdivision | Social aspects. |
| 9 (RLIN) | 9989 |
| 650 #0 - SUBJECT ADDED ENTRY--TOPICAL TERM | |
| Topical term or geographic name as entry element | Science |
| General subdivision | Philosophy. |
| 9 (RLIN) | 18123 |
| 650 #0 - SUBJECT ADDED ENTRY--TOPICAL TERM | |
| Topical term or geographic name as entry element | Science and state. |
| 9 (RLIN) | 18124 |
| 700 1# - ADDED ENTRY--PERSONAL NAME | |
| Personal name | Brante, Thomas, |
| Dates associated with a name | 1947- |
| 9 (RLIN) | 18125 |
| 700 1# - ADDED ENTRY--PERSONAL NAME | |
| Personal name | Fuller, Steve, |
| Dates associated with a name | 1959- |
| 9 (RLIN) | 14246 |
| 700 1# - ADDED ENTRY--PERSONAL NAME | |
| Personal name | Lynch, William, |
| Dates associated with a name | 1965- |
| 9 (RLIN) | 18126 |
| 906 ## - LOCAL DATA ELEMENT F, LDF (RLIN) | |
| a | 7 |
| b | cbc |
| c | orignew |
| d | 1 |
| e | ocip |
| f | 19 |
| g | y-gencatlg |
| 942 ## - ADDED ENTRY ELEMENTS (KOHA) | |
| Source of classification or shelving scheme | Library of Congress Classification |
| Item type | Monograph ( Printed materials) |
| Withdrawn status | Lost status | Source of classification or shelving scheme | Damaged status | Not for loan | Collection code | Home library | Current library | Shelving location | Date acquired | Total Checkouts | Full call number | Barcode | Date last seen | Price effective from | Koha item type |
|---|---|---|---|---|---|---|---|---|---|---|---|---|---|---|---|
| Library of Congress Classification | Main Collection | ARRUPE LIBRARY | ARRUPE LIBRARY | Main Collection | 15/07/2015 | Q175.5 .C66 1993 | 46500004595 | 03/07/2019 | 15/07/2015 | Monograph ( Printed materials) |